PRODUCTION AND OPERATIONS MANAGEMENT (Record no. 24937)
[ view plain ]
| 000 -LEADER | |
|---|---|
| fixed length control field | 00370nam a2200145Ia 4500 |
| 008 - FIXED-LENGTH DATA ELEMENTS--GENERAL INFORMATION | |
| fixed length control field | 240624s9999 xx 000 0 und d |
| 041 ## - LANGUAGE CODE | |
| Language code of text/sound track or separate title | eng |
| 082 ## - DEWEY DECIMAL CLASSIFICATION NUMBER | |
| Classification number | 658.5 BED |
| 100 ## - MAIN ENTRY--PERSONAL NAME | |
| Personal name | BEDI KANISHKA |
| 245 ## - TITLE STATEMENT | |
| Title | PRODUCTION AND OPERATIONS MANAGEMENT |
| 250 ## - EDITION STATEMENT | |
| Edition statement | (3rd ed.) |
| 260 ## - PUBLICATION, DISTRIBUTION, ETC. | |
| Date of publication, distribution, etc. | 2013 |
| Place of publication, distribution, etc. | New Delhi |
| Name of publisher, distributor, etc. | Oxford |
| 300 ## - PHYSICAL DESCRIPTION | |
| Extent | xxii, : 680 : p. : cm. ; 26 |
| 365 ## - TRADE PRICE | |
| Currency code | RS |
| Price amount | 31 |
| Withdrawn status | Lost status | Damaged status | Not for loan | Home library | Current library | Shelving location | Date acquired | Source of acquisition | Cost, normal purchase price | Total Checkouts | Full call number | Barcode | Date last seen | Copy number | Price effective from | Koha item type |
|---|---|---|---|---|---|---|---|---|---|---|---|---|---|---|---|---|
| IMTN | IMTN | Rack 33-A | 09/30/2015 | WBD | 595.00 | 658.5 BED | 24937 | 06/24/2024 | 1 | 06/24/2024 | Books |